| 000 | 01006nam a22002417a 4500 | ||
|---|---|---|---|
| 005 | 20170512115436.0 | ||
| 010 | _a1617EN ENG-117584 | ||
| 020 |
_a9788185708287 _c1250.00 |
||
| 035 | _aEN-101116 | ||
| 035 | _aB-647538-544 | ||
| 035 | _aB-666088 | ||
| 037 | _bVerieti | ||
| 037 | _bDBAD/PUB | ||
| 082 | _a371.33 | ||
| 100 | _aReddy, G.Vidya Sagar | ||
| 245 |
_aMethods of modern education: _cby G. Vidya Sagar Reddy _bchanging perspective / |
||
| 260 |
_aDelhi _bSBW Pub _c2015 |
||
| 270 |
_a4831/24, Prahlad Gali, Ansari road, Darya Ganj _bDelhi _e110002 |
||
| 300 |
_a328p. _b25cm(HB) |
||
| 942 |
_2ddc _cEN _h371.33 _mRED |
||
| 999 |
_c102402 _d102402 |
||